000 00528nam a2200217Ia 4500
003 OSt
005 20220924134807.0
006 a|||||r|||| 00| 0
007 ta
008 220923b |||||||| |||| 00| 0 ben d
024 _a287276
037 _cTextual
040 _aARTS
_cARTS
_bben
041 _2ben
_aben
082 _a4.1, 157M4
100 _aChattopadhyay
_9176213
245 0 _aSinghadikar dese dese
260 _c1984
942 _h4.1, 157M4
_cTEXL
_2CC
999 _c438607
_d438607